Vývoj cien energetikých komodít v období 03/2021 až 05/2021

Vývoj cien energetikých komodít v období 03/2021 až 05/2021. Prudký nárast cien emisných kvót súvisiaci s prudkým nárastom cien plynu. Rokovanie Euróspkeho parlamentu o dokumente CBAM (Carbon Border Adjustment Mechanism) - uhlíkové clo. Pandémia COVID-19 a reakcia elektriny, plynu a emisných kvót. G...

Description complète

Enregistré dans:
Détails bibliographiques
Auteur principal: Pišta, Ján
Format: Chapitre de livre
Langue:slovaque
Sujets:
Tags: Ajouter un tag
Pas de tags, Soyez le premier à ajouter un tag!

MARC

LEADER 00000naa a2200000 4500
001 0278289
005 20211022124106.6
041 0 |a slo 
044 |a CZ 
245 1 0 |a Vývoj cien energetikých komodít v období 03/2021 až 05/2021  |c Ján Pišta 
520 |a Vývoj cien energetikých komodít v období 03/2021 až 05/2021. Prudký nárast cien emisných kvót súvisiaci s prudkým nárastom cien plynu. Rokovanie Euróspkeho parlamentu o dokumente CBAM (Carbon Border Adjustment Mechanism) - uhlíkové clo. Pandémia COVID-19 a reakcia elektriny, plynu a emisných kvót. Gazprom a rast ceny plynu. Predikcie cien energetických komodít na ďalšie obdobie. 
610 2 0 |a komodity 
610 2 0 |a energia 
610 2 0 |a ropa 
610 2 0 |a uhlie 
610 2 0 |a plyn 
610 2 0 |a koronavírus 
610 2 0 |a vývoj cenový 
100 1 |a Pišta, Ján